000
00314nam a22001337a 4500
999
_c
161765
_d
161765
020
_a
082
_a
_b
100
_a
Tomoko Kikuchi
245
_a
Mahadevi Verma ki vishnadristti/
_c
by Tomoko Kikuchi.
260
_a
New Delhi:
_b
Parmeshwari Prakashan,
_c
2009.
300
_a
200p.
650
_a
942
_c
BK